Normal view
MARC view
Entry Personal Name
001 - CONTROL NUMBER
- control field: 41272
003 - CONTROL NUMBER IDENTIFIER
- control field: dpl
005 - DATE AND TIME OF LATEST TRANSACTION
- control field: 20120209100732.0
008 - FIXED-LENGTH DATA ELEMENTS
- fixed length control field: 120209|||a|||||| | ||| d
040 ## - CATALOGING SOURCE
- Original cataloging agency: dpl
- Transcribing agency: dpl
100 ## - HEADING--PERSONAL NAME
- Personal name: स्वेट मार्डेन
670 ## - SOURCE DATA FOUND
- Source citation: Work cat.: (dpl): स्वेट मार्डेन, व्यक्तित्व विकास /, 2002
670 ## - SOURCE DATA FOUND
- Source citation: Work cat.: (dpl): स्वेट मार्डेन, व्यक्तित्व विकास /, 2002
